Movies Quiz

Random Movies or Quote Quiz
Score 0/28 Timer 06:00
4 Plays Today
% Correct
Sisters
95.8%
People
95.4%
Other
95.1%
Day
94.9%
Home
94.5%
Truth
94.4%
Money
94.1%
Does
93.9%
Perfect
93.9%
Way
93.8%
Small
93.7%
Thursday
92.6%
Baseball
92.2%
Communicate
92.1%
% Correct
Die
91.8%
Fun
91.5%
Hero
91.4%
Shirley
91.2%
Extraordinary
91.1%
Bathroom
91%
Night
90.9%
Space
90%
HAL
89.9%
Desk
89.4%
Speak
88.8%
Man
87.8%
Tonight
84.8%
Building
83.6%
Remove Ads.
Support Sporcle.
Get the best of Sporcle when you Go Orange. This ad-free experience offers more features, more stats, and more fun while also helping to support Sporcle. Thank you for becoming a member.

You're not logged in!

Compare scores with friends on all Sporcle quizzes.
OR
Log In

Show Comments

Extras

Top Quizzes Today


Score Distribution

Your Account Isn't Verified!

In order to create a playlist on Sporcle, you need to verify the email address you used during registration. Go to your Sporcle Settings to finish the process.

Report this User

Report this user for behavior that violates our Community Guidelines.

Details: